[Event "Brno ÈEZ Talent"]
[Site "?"]
[Date "2014.08.31"]
[Round "9"]
[White "Kraus, Tomas"]
[Black "Roubalik, Jakub"]
[Result "1-0"]
[WhiteElo "2400"]
[BlackElo "2347"]
[PlyCount "163"]
[EventDate "2014.??.??"]

1. d4 Nf6 2. Nf3 e6 3. c4 b6 4. a3 Ba6 5. Qc2 c5 6. e4 Bb7 7. d5 d6 8. Nc3 e5
9. Bd3 Nbd7 10. O-O g6 {(R)} 11. Ne1 a6 12. g3 Bg7 13. f4 exf4 14. gxf4 O-O 15.
Nf3 Qc7 16. Bd2 Rae8 17. a4 Bc8 18. Kh1 Nh5 19. Rae1 Ndf6 20. Bc1 Bh3 21. Rg1
Qc8 22. Ng5 h6 23. Nxh3 Qxh3 24. Re3 Qh4 25. Rf3 Nd7 26. Qg2 Qe7 27. Qh3 Nhf6
28. Re1 Nh7 29. Ne2 Qd8 30. Ng3 Kh8 31. Rg1 Ndf6 32. b3 Nd7 33. Bd2 Qe7 34. Re1
Qd8 35. Rf2 Qc7 36. Rg2 Qd8 37. Reg1 Rg8 38. Bc1 Ndf6 39. Ra2 a5 40. Re2 Nd7
41. Rge1 Re7 42. Bc2 Qe8 43. Rd1 Qd8 44. Rg2 Qc8 45. Rgg1 Qd8 46. Bb1 Qc8 47.
Rgf1 Ndf6 48. Qg2 Nd7 49. Rde1 Qd8 50. Be3 Qc8 51. Qd2 Qd8 52. Rf2 Ree8 53.
Ref1 Nhf6 54. Qd1 Nh7 55. Qf3 Qh4 56. Rg2 Nhf6 57. Bg1 Nh7 58. Bf2 Qd8 59. Bc2
Qe7 60. Be1 Qd8 61. h3 Qc7 62. Rh2 Qd8 63. Qg2 Ndf6 64. Bd1 Qe7 65. Bf3 Nd7 66.
Qd2 Qf6 67. Bd1 Qe7 68. Bf3 Qf6 69. Bg2 Qb2 70. Qd3 Qd4 71. Qf3 Qf6 72. h4 Qd8
73. h5 g5 74. Nf5 gxf4 75. Qxf4 Ne5 76. Nxh6 Bxh6 77. Qxh6 Ng4 78. Bc3+ f6 79.
Qd2 Nxh2 80. Bxf6+ Nxf6 81. Qh6+ Nh7 82. Rf7 1-0

[Event "Brno ÈEZ Talent"]
[Site "?"]
[Date "2014.08.31"]
[Round "9"]
[White "Polak, Tomas"]
[Black "Hosek, Martin"]
[Result "1-0"]
[WhiteElo "2511"]
[BlackElo "2039"]
[PlyCount "53"]
[EventDate "2014.??.??"]

1. d4 Nf6 2. c4 g6 3. Nc3 d5 4. cxd5 Nxd5 5. e4 Nxc3 6. bxc3 Bg7 7. Nf3 c5 8.
Rb1 Nc6 9. d5 Ne5 10. Bb5+ Bd7 11. Bf4 Nxf3+ 12. Qxf3 O-O 13. O-O e5 14. Bd2 b6
15. c4 f5 16. Bxd7 Qxd7 17. Rb5 h6 18. a4 g5 19. exf5 Rxf5 20. Qe4 Raf8 21. a5
Qc7 22. Be3 R8f6 23. Rfb1 Bf8 24. h3 Be7 25. axb6 axb6 26. Rxb6 Rxf2 27. Rb8+
1-0

[Event "Brno ÈEZ Talent"]
[Site "?"]
[Date "2014.08.31"]
[Round "9"]
[White "Miculka, Petr"]
[Black "Sergeev, Vladimir"]
[Result "0-1"]
[WhiteElo "2029"]
[BlackElo "2438"]
[PlyCount "118"]
[EventDate "2014.??.??"]

1. e4 c5 2. Nf3 a6 3. c3 Nf6 4. e5 Nd5 5. d4 cxd4 6. Bc4 Nb6 7. Bb3 d5 8. cxd4
Nc6 9. h3 Bf5 10. Nc3 e6 11. O-O Be7 12. a3 Rc8 13. Be3 O-O 14. g4 Bg6 15. Nh2
Nc4 16. Bxc4 dxc4 17. d5 exd5 18. Qxd5 Bd3 19. Rfd1 Qc7 20. f4 Rfd8 21. Qg2 Nd4
22. Nd5 Rxd5 23. Qxd5 Nc2 24. Bf2 Nxa1 25. Rxa1 Rd8 26. Qf3 h6 27. Re1 c3 28.
bxc3 Bb5 29. e6 fxe6 30. Rxe6 Qd7 31. f5 Bc6 32. Qe2 Qd5 33. Nf3 Bxa3 34. Kg2
Bb5 35. Qe4 Qxe4 36. Rxe4 Bc6 37. Bb6 Rd1 38. Re2 Bc1 39. Kf2 Rd3 40. Ne5 Rxh3
41. Nxc6 Rh2+ 42. Kf1 Rxe2 43. Kxe2 bxc6 44. Kd3 Kf7 45. Kd4 Ba3 46. Ba5 Bd6
47. Bd8 Ke8 48. Bb6 Kd7 49. c4 Bb4 50. Ke4 Ke7 51. Ke5 Bc3+ 52. Ke4 Kf6 53.
Bd8+ Kf7 54. g5 hxg5 55. Bxg5 a5 56. Kd3 Bb4 57. Kd4 Be7 58. Bd2 a4 59. Kc3 Kf6
0-1

[Event "Brno ÈEZ Talent"]
[Site "?"]
[Date "2014.08.31"]
[Round "9"]
[White "Blahynka, Martin"]
[Black "Chudinovskikh, Alexander M"]
[Result "1/2-1/2"]
[WhiteElo "2210"]
[BlackElo "2273"]
[PlyCount "35"]
[EventDate "2014.??.??"]

1. e4 e5 2. Nf3 Nc6 3. Bb5 Nf6 4. O-O Nxe4 5. Re1 Nd6 6. Nxe5 Nxe5 7. Rxe5+ Be7
8. Bf1 O-O 9. d4 Ne8 10. d5 d6 11. Re1 Nf6 12. Bf4 Re8 13. Na3 Bd7 14. Nc4 Bf8
15. Qd2 g6 16. Rxe8 Bxe8 17. Re1 Bg7 18. Na5 {(R)} 1/2-1/2

[Event "Brno ÈEZ Talent"]
[Site "?"]
[Date "2014.08.31"]
[Round "9"]
[White "Uhmann, Jan"]
[Black "Kociscak, Jiri"]
[Result "0-1"]
[WhiteElo "2048"]
[BlackElo "2458"]
[PlyCount "42"]
[EventDate "2014.??.??"]

1. e4 e5 2. Nf3 Nc6 3. d4 exd4 4. Nxd4 Bc5 5. Be3 Qf6 6. c3 Nge7 7. Nc2 Bb6 8.
g3 d5 9. exd5 Ne5 10. f4 Ng4 11. Bd4 Bxd4 12. Nxd4 O-O 13. Qf3 Nf5 14. Qxg4
Nxd4 15. Qd1 Re8+ 16. Kd2 Qb6 17. Kc1 Bg4 18. Qxd4 Re1+ 19. Kc2 Bf5+ 20. Bd3
Qxd4 21. cxd4 Bxd3+ 0-1

[Event "Brno ÈEZ Talent"]
[Site "?"]
[Date "2014.08.31"]
[Round "9"]
[White "Vechet, Stanislav"]
[Black "Holemar, David"]
[Result "1-0"]
[WhiteElo "2151"]
[BlackElo "2246"]
[PlyCount "51"]
[EventDate "2014.??.??"]

1. d4 d6 2. e4 g6 3. g3 Bg7 4. Bg2 e5 5. Ne2 Nc6 6. Be3 Bg4 7. f3 Bd7 8. d5
Nce7 9. c4 f5 10. Qd2 fxe4 11. fxe4 Nf6 12. h3 O-O 13. Nbc3 a6 14. O-O Kh8 15.
a4 Neg8 16. c5 Qe7 17. cxd6 cxd6 18. a5 h5 19. Kh1 Kh7 20. Ng1 Bh6 21. Nf3 Bxe3
22. Qxe3 Kg7 23. Ra3 Nh7 24. Rc1 Rac8 25. Rb3 Rc7 26. Ra1 1-0

[Event "Brno ÈEZ Talent"]
[Site "?"]
[Date "2014.08.31"]
[Round "9"]
[White "Lanc, Alois"]
[Black "Hyll, Jan"]
[Result "1-0"]
[WhiteElo "2363"]
[BlackElo "1932"]
[PlyCount "83"]
[EventDate "2014.??.??"]

1. e4 d5 2. exd5 Nf6 3. d4 Nxd5 4. c4 Nb4 5. a3 N4a6 6. b4 c6 7. Bb2 Bf5 8. Ne2
e6 9. Ng3 Bg6 10. Nd2 Be7 11. Be2 O-O 12. O-O Nc7 13. Qb3 Nd7 14. Rad1 Nf6 15.
Bf3 Qd7 16. a4 Rfd8 17. Rfe1 Rab8 18. b5 Bd6 19. Ne2 Bh5 20. Bxh5 Nxh5 21. Nf3
Nf4 22. Ng3 Ng6 23. Ne4 Bf8 24. Ne5 Nxe5 25. dxe5 Qe7 26. Rd6 cxb5 27. axb5 Qh4
28. g3 Qh5 29. Rxd8 Rxd8 30. Kg2 Qf5 31. f3 h5 32. Rd1 Rxd1 33. Qxd1 g5 34. h3
g4 35. hxg4 hxg4 36. Nf6+ Kg7 37. Nxg4 Bc5 38. Bc1 a6 39. Bh6+ Kg6 40. Qd8 axb5
41. Qg8+ Kh5 42. Bd2 1-0

[Event "Brno ÈEZ Talent"]
[Site "?"]
[Date "2014.08.31"]
[Round "9"]
[White "Kozusek, Daniel"]
[Black "Miculka, David"]
[Result "1-0"]
[WhiteElo "2191"]
[BlackElo "2018"]
[PlyCount "97"]
[EventDate "2014.??.??"]

1. d4 Nf6 2. Nf3 g6 3. c4 Bg7 4. Nc3 O-O 5. b3 c5 6. Bb2 cxd4 7. Nxd4 Nc6 8. e3
d5 9. Nxc6 bxc6 10. Bd3 e5 11. O-O Re8 12. Na4 Qe7 13. Qc1 e4 14. Be2 Ng4 15.
Bxg7 Kxg7 16. cxd5 cxd5 17. Bxg4 Bxg4 18. h3 Be6 19. Qc3+ Kg8 20. Qd4 Rec8 21.
Rfc1 Rc7 22. Rxc7 Qxc7 23. Nc3 Qb6 24. Rd1 Qxd4 25. Rxd4 Rc8 26. Nxd5 Bxd5 27.
Rxd5 Rc1+ 28. Kh2 Rc2 29. Ra5 Rxf2 30. Rxa7 Re2 31. Kg3 Rxe3+ 32. Kf4 Re1 33.
Re7 Re2 34. a4 Rxg2 35. Rxe4 Rf2+ 36. Ke5 Rf3 37. b4 Rxh3 38. b5 h5 39. Rb4
Re3+ 40. Kd4 Re8 41. b6 h4 42. b7 Rb8 43. a5 h3 44. a6 h2 45. Rb1 Kg7 46. Rh1
Rh8 47. a7 Rh4+ 48. Kc5 Rh5+ 49. Kb6 1-0

[Event "Brno ÈEZ Talent"]
[Site "?"]
[Date "2014.08.31"]
[Round "9"]
[White "Richterova, Natasa"]
[Black "Tovarek, Antonin"]
[Result "1/2-1/2"]
[WhiteElo "2105"]
[BlackElo "2029"]
[PlyCount "76"]
[EventDate "2014.??.??"]

1. e4 c5 2. Nf3 a6 3. d4 cxd4 4. Nxd4 e5 5. Nf3 Nf6 6. Nc3 Bb4 7. Bg5 Qc7 8.
Qd3 d5 9. Bxf6 gxf6 10. O-O-O Bxc3 11. Qxc3 Qxc3 12. bxc3 dxe4 13. Nd2 f5 14.
g4 fxg4 15. Nxe4 Ke7 16. Bg2 Nd7 17. h3 Nf6 18. Nxf6 Kxf6 19. hxg4 Bxg4 20.
Rd6+ Ke7 21. Rb6 Rab8 22. Re1 Be6 23. Rxe5 Kd7 24. a4 h5 25. f4 Bg4 26. a5 h4
27. Bxb7 h3 28. Bh1 Rxb6 29. axb6 Rb8 30. b7 Be6 31. f5 Kd6 32. Ra5 Bc4 33. f6
Bb5 34. c4 Bxc4 35. Ra3 Bf1 36. Kd2 Bg2 37. Bxg2 hxg2 38. Rxa6+ Ke5 1/2-1/2

[Event "Brno ÈEZ Talent"]
[Site "?"]
[Date "2014.08.31"]
[Round "9"]
[White "Dvorak, Adam"]
[Black "Zpevakova, Jana"]
[Result "1-0"]
[WhiteElo "2130"]
[BlackElo "2042"]
[PlyCount "117"]
[EventDate "2014.??.??"]

1. d4 d5 2. c4 c6 3. Nc3 e5 4. dxe5 d4 5. Ne4 Qa5+ 6. Bd2 Qxe5 7. Ng3 Nf6 8.
Qb3 Na6 9. f4 Qd6 10. Nf3 Be7 11. e3 dxe3 12. Qxe3 O-O 13. O-O-O Qc7 14. Bd3
Bc5 15. Qe5 Ng4 16. Qxc7 Nxc7 17. Ne4 Be7 18. h3 Nf6 19. Nxf6+ Bxf6 20. g4 g6
21. Rhe1 b5 22. cxb5 cxb5 23. Bb4 Rd8 24. Be4 Rb8 25. g5 Rxd1+ 26. Rxd1 Bxb2+
27. Kxb2 Bxh3 28. Rh1 Re8 29. Ne5 Be6 30. Bc6 Rc8 31. Rc1 Ne8 32. Bxe8 Rxe8 33.
Rc7 a6 34. Be7 a5 35. Bf6 a4 36. a3 Bb3 37. Kc3 h5 38. gxh6 Kh7 39. Nxf7 Bxf7
40. Rxf7+ Kxh6 41. Bg5+ Kh5 42. Rd7 Re4 43. Rd4 Re3+ 44. Rd3 Re4 45. Rd4 Re3+
46. Kb2 Rb3+ 47. Ka2 Rc3 48. Rb4 Rc5 49. Kb2 Kg4 50. Re4 Kf5 51. Rd4 Kg4 52.
Re4 Kf5 53. Rd4 Kg4 54. Re4 Kf5 55. Rb4 Kg4 56. Rd4 Kh5 57. Rd6 Rf5 58. Kc3
Rc5+ 59. Kb4 1-0

[Event "Brno ÈEZ Talent"]
[Site "?"]
[Date "2014.08.31"]
[Round "9"]
[White "Zeman, Radek"]
[Black "Ketola, Ville"]
[Result "1-0"]
[WhiteElo "1845"]
[BlackElo "2121"]
[PlyCount "95"]
[EventDate "2014.??.??"]

1. e4 d5 2. exd5 Qxd5 3. Nc3 Qd6 4. d4 Nf6 5. h3 a6 6. Nf3 Nc6 7. Be3 Bf5 8.
Bd3 Bxd3 9. Qxd3 e6 10. O-O h6 11. a3 g5 12. Rfd1 Bg7 13. Nd2 Qe7 14. Re1 O-O-O
15. b4 Nh5 16. Nb3 Nf4 17. Bxf4 Nxd4 18. Nc5 gxf4 19. Qe4 c6 20. Rab1 Qc7 21.
Ne2 f5 22. Qd3 Qf7 23. Qc4 Rhe8 24. Nxf4 Nf3+ 25. gxf3 Rd4 26. Qb3 Rxf4 27.
Rxe6 Kb8 28. Qe3 Re4 29. fxe4 Rxe6 30. Nxe6 Qxe6 31. Qf4+ Be5 32. Qxf5 Qg8+ 33.
Qg4 Qc4 34. Qf5 Qg8+ 35. Kh1 Bc7 36. Rg1 Qh8 37. Qf7 Qd4 38. Rg8+ Bd8 39. Qe8
Kc7 40. Qxd8+ Qxd8 41. Rxd8 Kxd8 42. Kg2 Ke7 43. Kg3 Ke6 44. f4 b6 45. Kg4 c5
46. bxc5 bxc5 47. c4 Kf6 48. Kh5 1-0

[Event "Brno ÈEZ Talent"]
[Site "?"]
[Date "2014.08.31"]
[Round "9"]
[White "Sarson, Ondrej"]
[Black "Meszaros, Ludek"]
[Result "0-1"]
[WhiteElo "1778"]
[BlackElo "2101"]
[PlyCount "60"]
[EventDate "2014.??.??"]

1. e4 e5 2. Nf3 Nc6 3. Bb5 a6 4. Ba4 Nf6 5. O-O Be7 6. Nc3 d6 7. h3 O-O 8. d3
b5 9. Bb3 Na5 10. Nd5 Nxd5 11. Bxd5 c6 12. Bb3 Nxb3 13. axb3 f5 14. exf5 Bxf5
15. Be3 Qe8 16. Kh2 Qf7 17. Ng5 Qg6 18. Nf3 h6 19. Qe2 Rf7 20. Rg1 Qe6 21. Raf1
d5 22. g4 Bg6 23. g5 Bh5 24. Rg3 Raf8 25. gxh6 Bxf3 26. Qd2 Bh4 27. Rxg7+ Rxg7
28. hxg7 Rf7 29. Bh6 e4 30. dxe4 Qd6+ 0-1

[Event "Brno ÈEZ Talent"]
[Site "?"]
[Date "2014.08.31"]
[Round "9"]
[White "Martirosyan, Ara"]
[Black "Hajek, Oskar"]
[Result "0-1"]
[WhiteElo "1729"]
[BlackElo "2061"]
[PlyCount "152"]
[EventDate "2014.??.??"]

1. e4 c5 2. Nf3 e6 3. d4 cxd4 4. Nxd4 Nf6 5. Bd3 Nc6 6. Nxc6 bxc6 7. O-O Be7 8.
c4 e5 9. Nc3 O-O 10. b3 d6 11. Bb2 Be6 12. Qd2 Qc7 13. Rac1 Rfd8 14. h3 Rac8
15. Nd5 Qb7 16. Nxe7+ Qxe7 17. Qa5 Nh5 18. Qd2 Nf4 19. Kh2 Qg5 20. Rg1 Nxh3 21.
Qxg5 Nxg5 22. Rcd1 f6 23. Bc1 h6 24. Be3 c5 25. Bxg5 hxg5 26. Kg3 Kf7 27. Rh1
Rh8 28. Bc2 Ke7 29. Rde1 Rh6 30. Rxh6 gxh6 31. Rh1 Rh8 32. f3 h5 33. Kf2 h4 34.
Bd3 Kd7 35. Bc2 Kc6 36. a3 Kd7 37. Bd3 {(R)} Ke7 38. Bc2 Kf7 39. Rd1 Rd8 40.
Rh1 Kg6 41. g3 hxg3+ 42. Kxg3 Rb8 43. Rd1 Rb6 44. Rd2 f5 45. Rg2 Ra6 46. a4 Rb6
47. Rg1 f4+ 48. Kf2 Rb8 49. Rd1 Rd8 50. Rh1 Bf7 51. Bd1 {(R)} Kg7 52. Rg1 Kf6
53. Rh1 Bg6 54. Rh2 g4 55. Kg2 Kg5 56. Bc2 gxf3+ 57. Kxf3 Bh5+ 58. Kf2 f3 59.
Bd1 Rf8 60. Rh3 Rf4 61. Bc2 Rg4 62. Rg3 Rxg3 63. Kxg3 f2 64. Bd3 Bd1 65. Kxf2
Kf4 66. a5 Bxb3 67. Ke2 Ba4 68. Kd2 Bc6 69. Be2 Bxe4 70. Kc3 Bf3 71. Bf1 e4 72.
a6 e3 73. Bd3 Bg4 74. Bg6 Bc8 75. Bh5 Bxa6 76. Be2 d5 0-1

[Event "Brno ÈEZ Talent"]
[Site "?"]
[Date "2014.08.31"]
[Round "9"]
[White "Milcova, Zuzana"]
[Black "Licka, Vlastimil"]
[Result "0-1"]
[WhiteElo "2027"]
[BlackElo "1959"]
[PlyCount "68"]
[EventDate "2014.??.??"]

1. c4 Nf6 2. d4 e6 3. Nf3 b6 4. e3 Bb7 5. Be2 d5 6. b3 Nbd7 7. O-O Bd6 8. Bb2
O-O 9. Nbd2 Qe7 10. Ne5 c5 11. Ndf3 Rad8 12. Qc2 cxd4 13. Nxd7 Rxd7 14. Nxd4
dxc4 15. Bxc4 Ng4 16. Rfe1 Bxh2+ 17. Kf1 Qg5 18. e4 Kh8 19. Nf3 Qc5 20. Re2
Rfd8 21. a4 Qh5 22. Ree1 Be5 23. Rad1 Bxb2 24. Rxd7 Rxd7 25. Qxb2 Qh1+ 26. Ng1
Nh2+ 27. Ke2 Qxg2 28. Bd3 Bxe4 29. Qe5 Bxd3+ 30. Kd1 Rd8 31. Qc7 Qd5 32. Re5
Qd4 33. Kc1 Qa1+ 34. Kd2 Nf1# 0-1

[Event "Brno ÈEZ Talent"]
[Site "?"]
[Date "2014.08.31"]
[Round "9"]
[White "Effenberger, Adam"]
[Black "Kucera, Petr"]
[Result "0-1"]
[WhiteElo "1734"]
[BlackElo "1981"]
[PlyCount "108"]
[EventDate "2014.??.??"]

1. e4 Nf6 2. e5 Nd5 3. d4 d6 4. c4 Nb6 5. exd6 exd6 6. Nc3 Be7 7. Bd3 Nc6 8.
Nf3 Bg4 9. h3 Bxf3 10. Qxf3 Nxd4 11. Qxb7 {(R)} c6 12. Be3 c5 13. Bxd4 cxd4 14.
Qc6+ Qd7 15. Qxd7+ Kxd7 16. Nd5 Rhe8 17. O-O Rab8 18. b3 Nxd5 19. cxd5 g6 20.
a4 Rec8 21. Bb5+ Kd8 22. Rad1 Bf6 23. Rfe1 Kc7 24. Re4 Be5 25. f4 Bf6 26. g4 h6
27. g5 hxg5 28. fxg5 Bxg5 29. Rdxd4 Kb6 30. Rd3 Rc7 31. Bc6 Ka5 32. Rf3 Rb4 33.
Re8 Bf4 34. Rf8 g5 35. Kf2 Re7 36. Re8 Rxe8 37. Bxe8 f6 38. Bb5 Rd4 39. Bc4 Kb4
40. Ke2 a5 41. Rd3 Re4+ 42. Kf3 f5 43. Bb5 Be5 44. Bd7 Rf4+ 45. Ke3 g4 46. hxg4
fxg4 47. Ke2 Re4+ 48. Kf2 g3+ 49. Kf3 Rf4+ 50. Kg2 Rf2+ 51. Kg1 Rb2 52. Bh3 Kc5
53. Bf5 Bd4+ 54. Kh1 g2+ 0-1

[Event "Brno ÈEZ Talent"]
[Site "?"]
[Date "2014.08.31"]
[Round "9"]
[White "Spodny, Josef"]
[Black "Veznik, Michael"]
[Result "1/2-1/2"]
[WhiteElo "2007"]
[BlackElo "1934"]
[PlyCount "57"]
[EventDate "2014.??.??"]

1. e4 c5 2. Nf3 Nc6 3. Bb5 g6 4. O-O Bg7 5. Re1 Nf6 6. Nc3 O-O 7. e5 Ng4 8.
Bxc6 bxc6 9. h3 Nh6 10. b3 Nf5 11. Bb2 Bb7 12. Na4 d6 13. Qe2 Qa5 14. g4 Nd4
15. Nxd4 cxd4 16. Bxd4 Qd5 17. Qc4 Qa5 18. Bc3 Qd8 19. exd6 exd6 20. Bxg7 Kxg7
21. Qd4+ Kg8 22. Qe3 Qa5 23. Nc3 d5 24. Na4 Rad8 25. d4 Bc8 26. Qc3 Qc7 27. Qg3
Qa5 28. Qc3 Qc7 29. Qg3 1/2-1/2

[Event "Brno ÈEZ Talent"]
[Site "?"]
[Date "2014.08.31"]
[Round "9"]
[White "Turza, Pavel"]
[Black "Glozar, Petr"]
[Result "1-0"]
[WhiteElo "1776"]
[BlackElo "1566"]
[PlyCount "57"]
[EventDate "2014.??.??"]

1. d4 d5 2. Nf3 e6 3. Bg5 Be7 4. h4 h6 5. Bf4 Nf6 6. e3 Bd7 7. Nfd2 Nc6 8. Be2
Bd6 9. c3 Bxf4 10. exf4 Qe7 11. a3 Qd6 12. g3 Ne7 13. Bd3 Qb6 14. Qc2 Bb5 15.
Bxb5+ Qxb5 16. a4 Qc6 17. b4 a5 18. b5 Qd6 19. Nf3 Nd7 20. Nbd2 f6 21. Rd1 h5
22. c4 b6 23. Rc1 Nf5 24. c5 bxc5 25. dxc5 Qe7 26. Nb3 g6 27. Nfd4 Nb8 28. Kf1
O-O 29. Re1 1-0

[Event "Brno ÈEZ Talent"]
[Site "?"]
[Date "2014.08.31"]
[Round "9"]
[White "Lisik, Miroslav"]
[Black "Stehlik, Jiri"]
[Result "0-1"]
[WhiteElo "1776"]
[BlackElo "1945"]
[PlyCount "66"]
[EventDate "2014.??.??"]

1. e4 c5 2. Nc3 Nc6 3. f4 a6 4. Nf3 g6 5. d3 Bg7 6. g3 d6 7. Bg2 e6 8. O-O Nge7
9. Ne2 O-O 10. h3 Rb8 11. g4 f5 12. Ng3 Nd4 13. Nxd4 cxd4 14. Qe2 Bd7 15. Bd2
Qc7 16. Rac1 Rbe8 17. c4 a5 18. gxf5 exf5 19. exf5 Nxf5 20. Bd5+ Kh8 21. Qf3
Ne3 22. Rfe1 Nxd5 23. Rxe8 Rxe8 24. cxd5 Qb6 25. b3 Bxh3 26. Nh5 Bf5 27. Nxg7
Kxg7 28. Rc4 Re7 29. Ra4 Qc5 30. Bxa5 Re3 31. Qd1 Rxd3 32. Qa1 Qc2 33. Be1 Be4
0-1

[Event "Brno ÈEZ Talent"]
[Site "?"]
[Date "2014.08.31"]
[Round "9"]
[White "Zikan, Karel"]
[Black "Dumkova, Daniela"]
[Result "0-1"]
[WhiteElo "1772"]
[BlackElo "1745"]
[PlyCount "68"]
[EventDate "2014.??.??"]

1. Nf3 Nf6 2. c4 e6 3. Nc3 b6 4. g3 Bb7 5. Bg2 Be7 6. O-O O-O 7. d4 d5 8. cxd5
Nxd5 9. Nxd5 Bxd5 10. a3 Nd7 11. b4 Bf6 12. Bf4 c5 13. bxc5 bxc5 14. Rc1 Qa5
15. Ne5 Bxg2 16. Nxd7 Bxf1 17. Nxf8 Bh3 18. Rxc5 Qxa3 19. Nxh7 Be7 20. Bc1 Qb4
21. Re5 Rd8 22. e3 Bf5 23. Bd2 Qb7 24. Rxf5 exf5 25. Qh5 Qb1+ 26. Kg2 Qe4+ 27.
Kh3 Qd3 28. Ng5 Qf1+ 29. Kh4 Bxg5+ 30. Qxg5 Rd5 31. Qf4 Qg2 32. h3 f6 33. Kh5
Kh7 34. e4 Qxh3+ 0-1

[Event "Brno ÈEZ Talent"]
[Site "?"]
[Date "2014.08.31"]
[Round "9"]
[White "Blazek, Pavel"]
[Black "Svanda, Ondrej"]
[Result "1/2-1/2"]
[WhiteElo "1770"]
[BlackElo "1725"]
[PlyCount "117"]
[EventDate "2014.??.??"]

1. e4 c5 2. Nf3 g6 3. d4 cxd4 4. Nxd4 Nc6 5. Nc3 Bg7 6. Be3 Nf6 7. Bc4 O-O 8.
f3 Qb6 9. O-O e5 10. Na4 Qb4 11. Nxc6 Qxc4 12. Ne7+ Kh8 13. Nc3 Qb4 14. Nxc8
Raxc8 15. Rb1 b6 16. Rf2 Qc4 17. Rd2 h6 18. a3 Rfd8 19. Rc1 Bf8 20. Nd5 Nxd5
21. Rxd5 d6 22. b3 Qc6 23. c4 Kg7 24. Qe1 Be7 25. Qg3 Qe8 26. Rcd1 Rc6 27. a4
a5 28. Rb5 Rb8 29. Qf2 Qd8 30. f4 Qc7 31. Rdd5 f6 32. Qd2 Rh8 33. Rd3 g5 34.
fxe5 fxe5 35. Bf2 Rf8 36. Bg3 Rc5 37. Rd5 Rxb5 38. axb5 Rd8 {(R)} 39. Bf2 Rf8
40. Qe3 Rb8 41. Qh3 Rf8 42. Be3 Rf6 43. Qg4 Rg6 44. Qd1 Rf6 45. Bf2 Rf8 46. Bg3
Rf6 47. h3 Rf8 48. Kh2 Rd8 49. Qg4 Rf8 50. Qd1 Rd8 51. Be1 Qb7 52. Qd3 Rc8 53.
Bg3 Rc5 54. Bxe5+ dxe5 55. Rd7 Rc7 56. Rd5 Rc5 57. Rd7 Rc7 58. Rd5 Rc5 59. Rd7
1/2-1/2

[Event "Brno ÈEZ Talent"]
[Site "?"]
[Date "2014.08.31"]
[Round "9"]
[White "Kosina, Vladimir"]
[Black "Hrdlicka, Vladan"]
[Result "1-0"]
[WhiteElo "1799"]
[BlackElo "1823"]
[PlyCount "65"]
[EventDate "2014.??.??"]

1. Nf3 d5 2. c4 c6 3. e3 Nf6 4. Nc3 e6 5. Qc2 Nbd7 6. d4 Be7 7. Bd3 dxc4 8.
Bxc4 b5 9. Bd3 Bb7 10. O-O Rc8 11. a3 Qa5 12. Bd2 Qb6 13. Rfc1 Bd6 14. e4 e5
15. Be3 Ng4 16. h3 Nxe3 17. fxe3 O-O 18. Kh1 Rfe8 19. Qf2 Qc7 20. Rf1 exd4 21.
exd4 Bg3 22. Qc2 a6 23. e5 Nf8 24. Ne2 Re6 25. Bf5 Rh6 26. Nxg3 Rd8 27. Rad1 g6
28. Qc1 Kg7 29. d5 c5 30. d6 Qb6 31. Qg5 Nd7 32. Bxd7 Rxd7 33. Nf5+ 1-0

[Event "Brno ÈEZ Talent"]
[Site "?"]
[Date "2014.08.31"]
[Round "9"]
[White "Greussing, Stefan"]
[Black "Prokop, Jiri"]
[Result "1-0"]
[WhiteElo "1803"]
[BlackElo "1693"]
[PlyCount "107"]
[EventDate "2014.??.??"]

1. e4 d6 2. d4 Nf6 3. Nc3 g6 4. Nf3 Bg7 5. Be2 c6 6. a4 Qc7 7. O-O O-O 8. h3 a6
9. Be3 Nbd7 10. Qd2 e6 11. Rfe1 Re8 12. b4 b6 13. e5 Nd5 14. Nxd5 cxd5 15. exd6
Qxd6 16. Bf4 Qe7 17. Rac1 Bb7 18. c4 Rac8 19. c5 bxc5 20. bxc5 e5 21. Nxe5 Nxe5
22. Bxe5 Bxe5 23. Bg4 f5 24. Rxe5 Qd7 25. Rxe8+ Rxe8 26. Bd1 Bc6 27. a5 Qe6 28.
Bf3 Kg7 29. Rb1 Bb5 30. Qa2 Bc4 31. Rb7+ Kf8 32. Qd2 Kg8 33. Qh6 Qe1+ 34. Kh2
Re7 35. Rxe7 Qxe7 36. Qe3 Qc7+ 37. Qe5 Qxe5+ 38. dxe5 Kf7 39. Kg3 Ke6 40. Kf4
h6 41. h4 Bb5 42. g4 g5+ 43. hxg5 hxg5+ 44. Kxg5 fxg4 45. Bxg4+ Kxe5 46. f4+
Kd4 47. f5 Kxc5 48. f6 Kd6 49. Kg6 Be8+ 50. Kg7 Ke5 51. Be2 Kd6 52. Bxa6 Kc5
53. Bd3 d4 54. Bg6 1-0

[Event "Brno ÈEZ Talent"]
[Site "?"]
[Date "2014.08.31"]
[Round "9"]
[White "Svanda, Adam"]
[Black "Khachatouri, Saro"]
[Result "0-1"]
[WhiteElo "1486"]
[BlackElo "1790"]
[PlyCount "110"]
[EventDate "2014.??.??"]

1. c4 Nf6 2. Nc3 g6 3. g3 c6 4. Bg2 d5 5. cxd5 cxd5 6. d4 Nc6 7. Nf3 Bg7 8. O-O
O-O 9. Bf4 a6 10. Ne5 Nh5 11. Qd2 Nxf4 12. Nxc6 Nxe2+ 13. Qxe2 bxc6 14. Qd2 Qb6
15. Rfd1 Rb8 16. b3 Qb4 17. Qe3 e6 18. Na4 Re8 19. Rac1 Bb7 20. Nc5 e5 21. dxe5
Bxe5 22. Rc2 Bd6 23. Nd3 Qa5 24. Qd2 Qxd2 25. Rdxd2 Re7 26. f4 a5 27. Nc5 Ba8
28. Nd3 Rbe8 29. Kf2 Bc7 30. Re2 Bb6+ 31. Kf1 Bb7 32. Rxe7 Rxe7 33. Re2 Kf8 34.
Rxe7 Kxe7 35. Ne5 f6 36. Nd3 Kd6 37. a4 Ba6 38. Ke2 Bg1 39. h3 Bxd3+ 40. Kxd3
Bh2 41. g4 Bxf4 42. Kc3 Bg3 43. Kd2 h5 44. gxh5 gxh5 45. Bf3 h4 46. Bg4 Ke5 47.
Ke3 c5 48. Kd3 Kf4 49. Bh5 f5 50. Bf7 Ke5 51. Bh5 c4+ 52. bxc4 dxc4+ 53. Kxc4
Ke4 54. Kb5 Be1 55. Kc4 Ke3 0-1